| 000 | 00451nam a2200205Ia 4500 | ||
|---|---|---|---|
| 001 | 13040 | ||
| 003 | GE_BSU | ||
| 008 | 181216s||||||||xx |||||||||||||| ||und|| | ||
| 020 | _a9780006510222 | ||
| 040 | _cGE_BSU | ||
| 080 | _a821.111-3 | ||
| 100 | _aHill,Reginald. | ||
| 245 | 4 | _aThe long kill. | |
| 260 | _aLondon. | ||
| 260 | _bHarper Collins Publishers. | ||
| 260 | _c1986 | ||
| 300 | _a264p;18cm. | ||
| 653 | _aThe long kill. | ||
| 942 | _cBK | ||
| 999 |
_c46207 _d46207 |
||